| 000 | 00761nam a2200253 4500 | ||
|---|---|---|---|
| 001 | 139501 | ||
| 003 | ES-MaACL | ||
| 005 | 20230906195825.0 | ||
| 007 | t| | ||
| 008 | 070214s1966 sp r ||||1| spa d | ||
| 080 | _a658.5 | ||
| 100 | 1 |
_aScheele, Evan D. _9104259 |
|
| 245 | 1 | 0 |
_aCómo implantar el control de producción / _cpor Scheele, Westerman, Wimmert ; traducido por Fernando Urizar. |
| 260 |
_aBilbao : _bDeusto, _c1966. |
||
| 300 |
_a423 p. : _bil. ; _c21 cm. |
||
| 490 | 1 | _aGestión | |
| 650 | 4 |
_aProducción- _xControl. _9168965 |
|
| 700 | 1 |
_aWesterman, W. L. _9116563 |
|
| 700 | 1 |
_aWimmert, R. J. _9117054 |
|
| 700 | 1 |
_aUrizar, Fernando. _9112183 |
|
| 830 | 1 |
_aGestión _9184639 |
|
| 852 | 4 |
_aES-MaACL _jC-32746 |
|
| 999 |
_c139501 _d139501 |
||